| 000 | 00520nam a2200121Ia 4500 | ||
|---|---|---|---|
| 008 | 171212s9999 xx 000 0 und d | ||
| 020 | _a9780833058331 | ||
| 245 |
_ceditor Jenkins, Brian Michael;Godges, John _aThe Long Shadow of 9/11 _bAmerica's Response to Terrorism |
||
| 260 |
_bRAND Corporation _c2011 |
||
| 650 | _aPolitical Science | ||
| 650 | _aTerrorism -- United States -- Prevention; War on Terrorism, 2001-2009; United States -- Military policy -- 21st century | ||
| 856 | _uwww.jstor.org/stable/10.7249/mg1107rc | ||
| 999 |
_c352687 _d352687 |
||